<?xml version="1.0" encoding="UTF-8"?>
<marc:record xmlns:marc="http://www.loc.gov/MARC21/slim">
   <marc:leader>00000nam a2200000 a 4500</marc:leader>
   <marc:datafield ind1="1" ind2=" " tag="100">
      <marc:subfield code="a">Lhotsky, Georg [Regie]</marc:subfield>
      <marc:subfield code="4">aut</marc:subfield>
      <marc:subfield code="e">Verfasser/-in</marc:subfield>
   </marc:datafield>
   <marc:datafield ind1="1" ind2=" " tag="100">
      <marc:subfield code="a">Ries, Louis</marc:subfield>
   </marc:datafield>
   <marc:datafield ind1="1" ind2=" " tag="100">
      <marc:subfield code="a">Trixner, Heinz</marc:subfield>
   </marc:datafield>
   <marc:datafield ind1="1" ind2=" " tag="100">
      <marc:subfield code="a">Pluhar, Erika</marc:subfield>
   </marc:datafield>
   <marc:datafield ind1=" " ind2=" " tag="653">
      <marc:subfield code="a">Literaturverfilmung</marc:subfield>
   </marc:datafield>
   <marc:datafield ind1=" " ind2=" " tag="653">
      <marc:subfield code="a">Schloss</marc:subfield>
   </marc:datafield>
   <marc:datafield ind1=" " ind2=" " tag="653">
      <marc:subfield code="a">DVD</marc:subfield>
   </marc:datafield>
   <marc:datafield ind1="0" ind2="0" tag="245">
      <marc:subfield code="a">Moos auf den Steinen [Bildtonträger]</marc:subfield>
   </marc:datafield>
   <marc:datafield ind1="0" ind2="0" tag="245">
      <marc:subfield code="c">Regie von Georg Lhotsky. Mit Erika Pluhar, Heinz Trixner, Louis Ries ...</marc:subfield>
   </marc:datafield>
   <marc:datafield ind1=" " ind2="1" tag="264">
      <marc:subfield code="a">Wien</marc:subfield>
      <marc:subfield code="b">Hoanzl</marc:subfield>
      <marc:subfield code="c">2007</marc:subfield>
   </marc:datafield>
   <marc:datafield ind1="1" ind2=" " tag="490">
      <marc:subfield code="a">¬Der¬ österreichische Film | Edition Der Standard</marc:subfield>
      <marc:subfield code="v">082</marc:subfield>
   </marc:datafield>
   <marc:datafield ind1="1" ind2=" " tag="520">
      <marc:subfield code="a">Die Literaturverfilmung nach Gerhard Fritschs gleichnamigem Roman gilt in der Filmwissenschaft wegen seiner inhaltlich und stilistisch deutlichen Unterscheidung von früheren Filmen als erstes Exponat des Neuen Österreichischen Films. Sie handelt von den feindlich befreundeten Literaten Petrik (jung, idealistisch, erfolglos) und Mehlmann (geschäftstüchtig, erfolgreich), die ein Wochenende auf einem zerfallenden, barocken Schloss im Marchfeld verbringen und dabei sehr unterschiedliche Vorstellungen von einem Österreich nach dem Krieg veranschaulichen, das sich in ihrem ebenfalls sehr unterschiedlichem Verhältnis zu dem Schloss und seinen Bewohnern manifestiert. Die Filmmusik stammt von Friedrich Gulda.</marc:subfield>
   </marc:datafield>
   <marc:datafield ind1=" " ind2=" " tag="020">
      <marc:subfield code="a">9783902568823</marc:subfield>
      <marc:subfield code="9">9783902568823</marc:subfield>
   </marc:datafield>
   <marc:datafield ind1=" " ind2=" " tag="020">
      <marc:subfield code="a">Amazon</marc:subfield>
      <marc:subfield code="9">Amazon</marc:subfield>
   </marc:datafield>
   <marc:datafield ind1=" " ind2=" " tag="041">
      <marc:subfield code="a">ger</marc:subfield>
   </marc:datafield>
   <marc:datafield ind1=" " ind2=" " tag="500">
      <marc:subfield code="a">Orig.: Spielfilm, Literaturverfilmung, Österreich 1968</marc:subfield>
   </marc:datafield>
   <marc:datafield ind1="0" ind2=" " tag="490">
      <marc:subfield code="v">0</marc:subfield>
   </marc:datafield>
   <marc:datafield ind1=" " ind2=" " tag="542">
      <marc:subfield code="d">Fritsch, Gerhard</marc:subfield>
   </marc:datafield>
   <marc:datafield ind1=" " ind2=" " tag="300">
      <marc:subfield code="a">80' : 1 DVD</marc:subfield>
   </marc:datafield>
</marc:record>
